Detalles MARC
| 000 -CABECERA |
| campo de control de longitud fija |
01270nam a2200313 i 4500 |
| 003 - IDENTIFICADOR DEL NÚMERO DE CONTROL |
| campo de control |
AR-BaBN |
| 005 - FECHA Y HORA DE LA ÚLTIMA TRANSACCIÓN |
| campo de control |
20260305141131.0 |
| 007 - CAMPO FIJO DE DESCRIPCIÓN FÍSICA--INFORMACIÓN GENERAL |
| campo de control de longitud fija |
ta |
| 008 - DATOS DE LONGITUD FIJA--INFORMACIÓN GENERAL |
| campo de control de longitud fija |
260305e2012 ag a|||gr||||f||1 m|spa |
| 020 ## - NÚMERO INTERNACIONAL ESTÁNDAR DEL LIBRO |
| Número Internacional Estándar del Libro |
9789871741250 |
| 040 ## - FUENTE DE LA CATALOGACIÓN |
| Centro catalogador/agencia de origen |
AR-BaBN |
| Lengua de catalogación |
spa |
| Centro/agencia transcriptor |
BNPHU |
| Normas de descripción |
rda |
| 082 ## - NÚMERO DE LA CLASIFICACIÓN DECIMAL DEWEY |
| Número de clasificación |
070.17 |
| Número de documento/Ítem |
B732pr 2012 |
| Número de edición |
22 |
| 100 1# - ENTRADA PRINCIPAL--NOMBRE DE PERSONA |
| Nombre de persona |
Borges, Jorge Luis, |
| Fechas asociadas al nombre |
1899-1986 |
| 9 (RLIN) |
4173 |
| Término indicativo de función/relación |
autor |
| 245 00 - MENCIÓN DE TÍTULO |
| Título |
Proa 1924-1926 : |
| Número de parte o sección de la obra |
con estudio preliminar e índices / |
| Mención de responsabilidad, etc. |
director, Jorge Luis Borges. |
| 250 ## - MENCIÓN DE EDICIÓN |
| Mención de edición |
Edicion Facsimilar No. 17. |
| 264 ## - PRODUCCIÓN, PUBLICACIÓN, DISTRIBUCIÓN, FABRICACIÓN Y COPYRIGHT |
| Producción, publicación, distribución, fabricación y copyright |
Buenos Aires, Argentina : |
| Nombre del de productor, editor, distribuidor, fabricante |
Biblioteca Nacional. |
| -- |
Fundación Internacional Jorge Luis Borges, |
| Fecha de producción, publicación, distribución, fabricación o copyright |
2012. |
| 300 ## - DESCRIPCIÓN FÍSICA |
| Extensión |
110 páginas : |
| Otras características físicas |
ilustraciones ; |
| Dimensiones |
21 cm. |
| 336 ## - TIPO DE CONTENIDO |
| Término de tipo de contenido |
texto |
| Código de tipo de contenido |
txt |
| Fuente |
rdacontent |
| 337 ## - TIPO DE MEDIO |
| Nombre/término del tipo de medio |
sin mediación |
| Código del tipo de medio |
n |
| Fuente |
rdamedia |
| 338 ## - TIPO DE SOPORTE |
| Nombre/término del tipo de soporte |
volumen |
| Código del tipo de soporte |
nc |
| Fuente |
rdacarrier |
| 490 1# - MENCIÓN DE SERIE |
| Mención de serie |
Reediciones & Antologías |
| 650 #4 - PUNTO DE ACCESO ADICIONAL DE MATERIA--TÉRMINO DE MATERIA |
| Término de materia o nombre geográfico como elemento de entrada |
Literatura argentina |
| Subdivisión cronológica |
Siglo XX |
| Subdivisión general |
Publicaciones periódicas |
| 9 (RLIN) |
89131 |
| 650 #4 - PUNTO DE ACCESO ADICIONAL DE MATERIA--TÉRMINO DE MATERIA |
| Término de materia o nombre geográfico como elemento de entrada |
Literatura |
| Subdivisión cronológica |
Siglo XX |
| Subdivisión general |
Publicaciones periódicas |
| 9 (RLIN) |
89132 |
| 650 #4 - PUNTO DE ACCESO ADICIONAL DE MATERIA--TÉRMINO DE MATERIA |
| Término de materia o nombre geográfico como elemento de entrada |
Literatura |
| Subdivisión general |
Historia y crítica |
| -- |
Publicaciones periódicas |
| 9 (RLIN) |
89133 |
| 655 #4 - TÉRMINO DE INDIZACIÓN--GÉNERO/FORMA |
| Datos o término principal de género/forma |
Facsímiles |
| 9 (RLIN) |
89134 |
| 776 18 - ENTRADA/ENLACE A UN FORMATO FÍSICO ADICIONAL |
| Información de relación/Frase instructiva de referencia |
Versión original |
| Título |
Proa |
| Número de control del registro |
(AR-BaBN)001209533 |
| 830 #0 - PUNTO DE ACCESO ADICIONAL DE SERIE-TÍTULO UNIFORME |
| Título uniforme |
Reediciones y antologías (Biblioteca Nacional Mariano Moreno) |
| 9 (RLIN) |
89144 |
| 942 ## - ELEMENTOS DE PUNTO DE ACCESO ADICIONAL (KOHA) |
| Fuente del sistema de clasificación o colocación |
Dewey Decimal Classification |
| Tipo de ítem Koha |
Libro |